A new spermophile from the San Joaquin Valley, California : with notes on Ammospermophilus nelsoni nelsoni Merriam.

Bibliographic Details
Main Author: Taylor, Walter Penn, 1888-
Format: Book
Language:English
Published: Berkeley : University of California press, 1916.
Series:University of California publications in zoology ; v. 17, no. 4.
Subjects:

MARC

Tag First Indicator Second Indicator Subfields
LEADER 00000cam a2200000 4500
001 in00000023139
005 20151007064308.0
008 770321s1916 caub b 00000 engmc
010 |a a 16001309  
035 |a (OCoLC)02821742 
035 |9 AAD9513AM 
040 |a Calif. U. Lib.  |c VTU  |d VTU  |d TXA  |d UtOrBLW 
049 |a TXAM  |c [850306] 
050 0 |a QL1  |b .C15 vol.17, no.4 
100 1 |a Taylor, Walter Penn,  |d 1888- 
245 1 2 |a A new spermophile from the San Joaquin Valley, California :  |b with notes on Ammospermophilus nelsoni nelsoni Merriam. 
264 1 |a Berkeley :  |b University of California press,  |c 1916. 
300 |a [15]-20 pages :  |b map. ;  |c 27 cm. 
336 |a text  |b txt  |2 rdacontent 
337 |a unmediated  |b n  |2 rdamedia 
338 |a volume  |b nc  |2 rdacarrier 
490 1 |a University of California publications in zoology, v.17, no.4 
500 |a Contribution from the Museum of vertebrate zoology of the University of California. 
504 |a "Literature cited": page 20. 
650 0 |a Chipmunks. 
650 0 |a Rodents. 
830 0 |a University of California publications in zoology ;  |v v. 17, no. 4. 
999 |a MARS 
999 f f |s c0bed18b-92ed-3240-afcd-e41ef3fc8ebf  |i 1ae93625-b4a0-37e3-95a2-45149f79e402  |t 0 
952 f f |p normal  |a Texas A&M University  |b College Station  |c Sterling C. Evans Library  |d Evans: Library Stacks  |t 0  |e QL1 .C15 v. 17, no.1-9,11-18  |h Library of Congress classification  |i unmediated -- volume  |m A14804907861 
952 f f |a Texas A&M University  |b College Station  |c Sterling C. Evans Library  |d Evans: Library Stacks  |t 0  |e QL1 .C15 v. 17, no.1-9,11-18  |h Library of Congress classification 
998 f f |a QL1 .C15 v. 17, no.1-9,11-18  |t 0  |l Evans: Library Stacks